Visión y presencia de Baja California /
Guardado en:
| Hovedforfatter: | |
|---|---|
| Format: | Bog |
| Sprog: | spansk |
| Fag: | |
| Tags: |
Ingen Tags, Vær først til at tagge denne postø!
|
MARC
| LEADER | 00000nam^a2200000^a^4500 | ||
|---|---|---|---|
| 001 | 000129453 | ||
| 005 | 20250526000000.0 | ||
| 009 | 20260310094913.114 | ||
| 037 | |a Acervo ITESO - Biblioteca | ||
| 041 | |a ESP | ||
| 082 | |a 972. 2 |b CAR | ||
| 100 | |a Cárdenas de la Peña, Enrique |e (autor) | ||
| 245 | 1 | 0 | |a Visión y presencia de Baja California / |c E. Cárdenas de la Peña. |
| 264 | |a México : |b Secretaría de Marina, |c 1969 | ||
| 300 | |a 455 ; |c 39.0 cm. | ||
| 649 | |a XX | ||
| 650 | |a Baja California - |x Historia | ||
| 650 | |a Baja California - |x Descripción | ||
| 650 | |a Baja California - |x Fotografías | ||
| 650 | |a México - |x Historia | ||
| 650 | |a México - |x Descripción | ||
| 650 | |a México - |x Fotografías | ||
| 910 | |a Fondo Salvador Reynoso Reynoso | ||
| 920 | |a Impresos - Libros | ||
| 930 | |a Libros Antiguos y Raros | ||
| 905 | |a 108 | ||
| 901 | |a 0800011093 |b IT2 |c LRA |u 20250526 | ||
| 902 | |a https://opac.biblio.iteso.mx/vufind/Record/000129453 | ||